| 000 | 00419 a2200145 4500 | ||
|---|---|---|---|
| 005 | 20250522144515.0 | ||
| 020 | _a0-273-02281-4 | ||
| 082 | _aLECT 338.702 OLD | ||
| 100 | _aOLD, J | ||
| 245 | _aAn introduction to business and industry | ||
| 260 |
_aLondon, _bPitman Publishing Limited, _c1987, |
||
| 300 |
_aviii,339p.: ill.; charts, figure, picture, table. _bindex, _c23cm. |
||
| 700 | _aSHAFTO, T. | ||
| 942 |
_2ddc _cBKS |
||
| 999 |
_c2535 _d2535 |
||